000 00935cam a22001934a 4500
005 20250605164227.0
008 250528s ||||||||||||||||||||||||d
035 _a20918
020 _a9786180304138
040 _aGR-AtMCL
_bgre
_dGR-AtMCL
_eAACR2
245 1 _aΗ Πρώτη μου Πηνελόπη Δέλτα Παραμύθι Χωρίς Όνομα / Η Πρώτη μου Λογοτεχνία
250 _a
260 _bΜεταίχμιο,
_c2016
520 _aΕίναι το παραμύθι της ανθρώπινης αξιοπρέπειας, της Γνώσης, της Κυρά-Φρόνησης, του Αλτρουϊσμού, της Αυτοθυσίας, της δειλίας δικαστών Λαγόκαρδων, της Πανουργιάς των Μασκαρόπουλων μα και της ευγένειας.
700 1 _aΤασάκου Τζένη
_96903
942 _cBK
999 _c5995
_d5995